Guess the Taylor Swift Song (no hints) 22 - Statistics

General Stats
  • This quiz has been taken 327 times
  • The average score is 308 of 414
Answer Stats
Answer % Correct
I,
100%
I
100%
a
98%
you
97%
You
97%
the
96%
it
93%
me
93%
me,
93%
and
92%
And
92%
in
92%
where
92%
on
91%
to
90%
I'm
89%
no,
87%
no
87%
when
87%
who
87%
you're
86%
my
85%
at
84%
At
84%
for
84%
They
84%
hear
83%
love
83%
be
82%
But
82%
but
82%
so
82%
that
82%
there
82%
ever
80%
her
80%
"What
80%
If
79%
if
79%
say,
79%
up,
79%
up
79%
it's
78%
she
78%
was
78%
of
77%
right
77%
Right
77%
left
76%
oh,
76%
Did
75%
don't
75%
know
75%
could
73%
get
73%
one
73%
still
73%
Still
73%
every
72%
have
72%
here
71%
Some
71%
stay
71%
want
70%
about
68%
got
68%
just
68%
Time
68%
can't
67%
girl
67%
Help,
67%
'Cause
66%
cause
66%
Friends
65%
friends
65%
restaurant
65%
restaurant,
65%
She's
65%
How
64%
sitting
64%
break
63%
Break
63%
Everybody
63%
everybody
63%
corner
62%
forever
62%
hair
61%
married
61%
out
61%
pin
61%
day,
60%
haunt
60%
stayed
60%
told
60%
choice
59%
moved
59%
sad
59%
drop
58%
light
58%
light,
58%
stop
58%
think
58%
been
57%
feel
57%
moment
57%
someone
57%
won't
57%
Dust
56%
felt
56%
frozen?
56%
new
56%
pinned
56%
sight"
56%
Strangers
56%
strangers
56%
white
56%
23
55%
dim
55%
Glass
55%
our
55%
buried
54%
fantasy
54%
inside
54%
shattered
54%
born,
53%
collected
53%
everything
53%
fly
53%
met
53%
went
53%
cloth
52%
lose
52%
somewhere
52%
delusion?
51%
find
51%
through
51%
change,
50%
else,
50%
happen
50%
lives
50%
rumors
50%
skies
50%
supposed
50%
after
49%
front
49%
run
49%
other
48%
sat
48%
Cross
47%
ups
47%
wife
47%
sure
46%
swear
46%
Christmas,
45%
each
45%
Kids
45%
legged
45%
mascara
45%
mind
45%
perspective,
45%
stared
45%
expected
44%
Trends
44%
stick
43%
turn
42%
unaware
42%
burn
41%
harm,
41%
young,
41%
learned
40%
lessons
40%
Pages
40%
long
39%
Matches
39%
wrong
39%
business
38%
earned
37%
died
36%
witness
35%
bear
34%
Wages
34%
No matching quizzes found
Score Distribution
Percent of People with Each Score
Percentile by Number Answered
Your Score History
You have not taken this quiz